Securing Trade Through Technology. (Record no. 4523)
[ view plain ]
| 000 -LEADER | |
|---|---|
| fixed length control field | nam a22 a 4500 |
| 005 - DATE AND TIME OF LATEST TRANSACTION | |
| control field | 20170531091502.0 |
| 008 - FIXED-LENGTH DATA ELEMENTS--GENERAL INFORMATION | |
| fixed length control field | 170531s2005 be ||||| |||| 00| 0 eng d |
| 040 ## - CATALOGING SOURCE | |
| Original cataloging agency | AKMAL |
| 082 ## - DEWEY DECIMAL CLASSIFICATION NUMBER | |
| Classification number | 621.38928 WOR |
| 090 ## - LOCALLY ASSIGNED LC-TYPE CALL NUMBER (OCLC); LOCAL CALL NUMBER (RLIN) | |
| Classification number (OCLC) (R) ; Classification number, CALL (RLIN) (NR) | 321.38928 |
| Local cutter number (OCLC) ; Book number/undivided call number, CALL (RLIN) | WOR |
| 245 10 - TITLE STATEMENT | |
| Title | Securing Trade Through Technology. |
| 260 ## - PUBLICATION, DISTRIBUTION, ETC. | |
| Place of publication, distribution, etc. | [Brussels, Belgium] : |
| Name of publisher, distributor, etc. | World Customs Organization, |
| Date of publication, distribution, etc. | 2005 |
| 300 ## - PHYSICAL DESCRIPTION | |
| Extent | 2 v. (loose-leaf) ; |
| Dimensions | 21cm x 30cm |
| 500 ## - GENERAL NOTE | |
| General note | Extracts from 2005 WCO Customs Conference & Forum<br/>Baku, Azerbaijan 19 -21 May 2005<br/> |
| 650 10 - SUBJECT ADDED ENTRY--TOPICAL TERM | |
| Topical term or geographic name entry element | Customs Administration |
| General subdivision | Law and legislation |
| 9 (RLIN) | 6000 |
| 650 20 - SUBJECT ADDED ENTRY--TOPICAL TERM | |
| Topical term or geographic name entry element | Trade |
| General subdivision | Law and legislation |
| 9 (RLIN) | 8700 |
| 710 2# - ADDED ENTRY--CORPORATE NAME | |
| Corporate name or jurisdiction name as entry element | World Customs Organization |
| 9 (RLIN) | 5917 |
| 942 ## - ADDED ENTRY ELEMENTS (KOHA) | |
| Source of classification or shelving scheme | |
| Koha item type | Book |
| 950 ## - LOCAL HOLDINGS (RLIN) | |
| Permanent shelving location, LOC (RLIN) | AKMAL |
| Withdrawn status | Lost status | Source of classification or shelving scheme | Damaged status | Not for loan | Collection code | Home library | Current library | Shelving location | Date acquired | Inventory number | Total Checkouts | Full call number | Barcode | Date last seen | Price effective from | Koha item type |
|---|---|---|---|---|---|---|---|---|---|---|---|---|---|---|---|---|
| NON-FICTION | AKMAL Melaka | AKMAL Melaka | RUJUKAN | 31.05.2017 | 002552 (Part 1) | 621.38928 WOR | 201706878 | 31.05.2017 | 31.05.2017 | Book | ||||||
| NON-FICTION | AKMAL Melaka | AKMAL Melaka | RUJUKAN | 31.05.2017 | 002551 (Part 1) | 621.38928 WOR | 201706880 | 31.05.2017 | 31.05.2017 | Book | ||||||
| NON-FICTION | AKMAL Melaka | AKMAL Melaka | RUJUKAN | 31.05.2017 | 002554 (Part 2) | 621.38928 WOR | 201706879 | 31.05.2017 | 31.05.2017 | Book | ||||||
| NON-FICTION | AKMAL Melaka | AKMAL Melaka | RUJUKAN | 31.05.2017 | 002553 (Part 2) | 621.38928 WOR | 201706881 | 31.05.2017 | 31.05.2017 | Book |
